[Event "Hastings8990"]
[Site "Hastings"]
[Date "1989.??.??"]
[Round "?"]
[White "Spraggett, Kevin"]
[Black "Chandler, Murray G"]
[Result "1-0"]
[WhiteElo "2585"]
[BlackElo "2585"]

1.c4 e5 2.Nc3 Nf6 3.Nf3 Nc6 4.e4 d6 5.d3 Bg4 6.h3 Bxf3 7.Qxf3 Nd4 8.Qd1 g6
9.g3 h5 10.h4 Bh6 11.Bxh6 Rxh6 12.Bh3 Kf8 13.O-O Kg7 14.Ne2 c5 15.Nxd4 cxd4
16.f4 Qe7 17.Rf2 Ng8 18.Qd2 exf4 19.Rxf4 Qe5 20.Kh2 Rh8 21.Raf1 Nh6 22.Qb4 b6
23.Qa4 Rhe8 24.Qc6 Rad8 25.b4 Re7 26.a4 Rb8 27.R1f2 Rf8 28.Rf6 Rd8 29.R6f4 Rf8
30.Kg2 f6 31.a5 bxa5 32.bxa5 Qxa5 33.Qxd6 Qe5 34.Qa6 f5 35.Qa1 Ref7 36.Ra2 fxe4
37.Rxe4 Qb8 38.Qxd4+ Kh7 39.Rae2 a5 40.c5 Rd8 41.Qc4 Qb1 42.Re7 Rf8 43.c6 Qa1
44.c7 Rxe7 45.Rxe7+ Kh8 46.c8=Q Qf1+ 47.Kh2 Ng4+ 48.Q4xg4  1-0